Normal view MARC view
  • Giri Y

Entry Personal Name

Number of records used in: 1

001 - CONTROL NUMBER

  • control field: 30118

003 - CONTROL NUMBER IDENTIFIER

  • control field: OSt

005 - DATE AND TIME OF LATEST TRANSACTION

  • control field: 20220803173613.0

008 - FIXED-LENGTH DATA ELEMENTS

  • fixed length control field: 220803|| aca||aabn | a|a d

040 ## - CATALOGING SOURCE

  • Original cataloging agency: OSt
  • Transcribing agency: OSt

100 ## - HEADING--PERSONAL NAME

  • Personal name: Giri Y

670 ## - SOURCE DATA FOUND

  • Source citation: Work cat.: (OSt)18949: Giri Y, Holy Science .-9788189535193, 2013